[Event "4NCL Division 2a"]
[Site "Hinckley Island ENG"]
[Date "2015.01.11"]
[Round "4.99"]
[White "Osborne, Marcus"]
[Black "Duncan, Patrick"]
[Result "1-0"]
[WhiteElo "2186"]
[BlackElo "2022"]
[PlyCount "116"]
[EventDate "2015.01.11"]

1. d4 Nf6 2. Nf3 e6 3. g3 b6 4. Bg2 Bb7 5. c4 c5 6. d5 exd5 7. cxd5 d6 8. Nc3
Be7 9. Nh4 O-O 10. Nf5 Re8 11. Bf4 a6 12. a4 Bc8 13. Nxe7+ Qxe7 14. O-O Nbd7
15. Re1 Ne5 16. e4 Bg4 17. f3 Bd7 18. Rb1 b5 19. b3 Rab8 20. Bg5 h6 21. Bxf6
Qxf6 22. f4 Ng4 23. e5 dxe5 24. h3 exf4 25. Ne4 Rxe4 26. Rxe4 Ne3 27. Qf3 Nxg2
28. Kxg2 bxa4 29. Rxf4 Qg6 30. Rb2 axb3 31. Rc4 Qb6 32. Qe3 a5 33. Qxc5 a4 34.
Qxb6 Rxb6 35. Rc3 Bf5 36. Kf3 Bxh3 37. Ke4 f6 38. Kd4 Rb8 39. Re3 Bf5 40. d6
Bc2 41. d7 Kf7 42. Kc5 a3 43. Rexb3 Bxb3 44. Rxb3 Rd8 45. Kd6 Ra8 46. Rb1 a2
47. Ra1 Ra3 48. d8=Q Rd3+ 49. Kc7 Rxd8 50. Kxd8 Ke6 51. Rxa2 h5 52. Ra5 g5 53.
Ke8 f5 54. Kf8 Kf6 55. Ra6+ Ke5 56. Kg7 f4 57. Kg6 Ke4 58. Kxh5 Kf3 1-0

[Event "4NCL Division 2a"]
[Site "Hinckley Island ENG"]
[Date "2015.01.11"]
[Round "4.99"]
[White "Bourne, Johnathan"]
[Black "Meyer, Gordon"]
[Result "0-1"]
[WhiteElo "1973"]
[BlackElo "2161"]
[PlyCount "54"]
[EventDate "2015.01.11"]

1. e4 c5 2. Nc3 a6 3. f4 e6 4. d3 d5 5. Qe2 Be7 6. g3 Nc6 7. Nf3 dxe4 8. dxe4
Nd4 9. Nxd4 cxd4 10. Nd1 Bd7 11. Qf3 Nf6 12. Bd3 Bb4+ 13. Kf1 Rc8 14. Nf2 O-O
15. g4 Bb5 16. g5 Nd7 17. a3 Bxd3+ 18. cxd3 Qa5 19. Rb1 Rc2 20. Kg2 Be7 21. b4
Qc7 22. h4 f6 23. Qg4 Rxf2+ 24. Kxf2 Qc2+ 25. Bd2 Qxd2+ 26. Qe2 Qxf4+ 27. Kg2
Bd6 0-1